000 00525nam a22001817a 4500
003 UA-OsUOA
001 9068
007 ta
008 20041019b un ||||| |||| 00| 0 ukr d
100 _aПирожков С.
942 _cSA
040 _aUA-OsUOA
_cUA-OsUOA
_dUA-OsUOA
245 _aПам'яті Леоніда Костянтиновича Безчасного
300 _aС.83-84
955 _a0
773 0 _w0
_tЕкономіка України
_dКиїв
_d2004
_g№9
650 7 _aБезчасний Л.К.
_2UDC
999 _c295229
_d295229